000
00208 a2200097 4500
001
2189
100
_a
USAF
245
_a
Fundamental of guided missiles
260
_a
_b
Aero Publishers
_c
090
_c
1608
_d
1608
942
_a
NUST-CAE
_c
M
_c
6758
999
_c
237262
_d
237262